Writing and thinking ; a handbook of composition and revision /

Bibliographic Details
Main Author: Foerster, Norman, 1887-1972
Other Authors: Steadman, J. M. (John Marcellus), 1889-1945
Format: Book
Language:English
Published: Boston, New York [etc.] : Houghton Mifflin company, [1941]
Edition:Rev. ed.
Subjects:

MARC

Tag First Indicator Second Indicator Subfields
LEADER 00000cam a2200000 4500
001 in00000021305
005 20151007062252.0
008 761214s1941 maua b 00010 eng
010 |a  41008290  
035 |a (OCoLC)02621666 
035 |9 AAD4398AM 
040 |a DLC  |c TOL  |d TXA  |d UtOrBLW 
049 |a TXAM  |c [151203] 
050 0 0 |a PE1413  |b .F6 1941 
082 0 |a 808 
092 |a 808  |b F654w 
100 1 |a Foerster, Norman,  |d 1887-1972. 
245 1 0 |a Writing and thinking ;  |b a handbook of composition and revision /  |c By Norman Foerster ... and J. M. Steadman, jr. 
250 |a Rev. ed. 
264 1 |a Boston,  |a New York [etc.] :  |b Houghton Mifflin company,  |c [1941] 
264 4 |c [©1941] 
300 |a v, 1 unnumbered page, 447 pages, 1 unnumbered page :  |b illustrations ;  |c 21 cm. 
336 |a text  |b txt  |2 rdacontent 
337 |a unmediated  |b n  |2 rdamedia 
338 |a volume  |b nc  |2 rdacarrier 
500 |a Tables on lining-papers. 
500 |a First edition, 1919, published under title: Sentences and thinking. 
500 |a "Fraudulent advertising, by James Rowland, a term paper for English 100 [with bibliography]" : pages 251-257. 
504 |a "A short bibliography of books and journals on usage": page 323. 
650 0 |a English language  |x Composition and exercises. 
650 0 |a English language  |x Grammar. 
700 1 |a Steadman, J. M.  |q (John Marcellus),  |d 1889-1945. 
999 |a MARS 
999 f f |s c4614028-0e3d-3b91-bb5c-3406ae6ebdaa  |i c8d8ff28-fbb1-3716-9d8e-3aee8402a4cf  |t 0 
952 f f |p normal  |a Texas A&M University  |b College Station  |c Sterling C. Evans Library  |d Evans: Library Stacks  |t 0  |e PE1413 .F6 1941  |h Library of Congress classification  |i unmediated -- volume  |m A14801193748 
998 f f |a PE1413 .F6 1941  |t 0  |l Evans: Library Stacks